000 00366nam a22001577a 4500
003 SGT
082 _a615.1
_bP21J
100 _aJANI, GIRISH .K
245 _aA TEXT BOOK OF PHRMACEUTICS-1
250 _a10TH
260 _aAHMEDABAD
_bB.S. SHAH PRAKASHAN
_c2021
300 _a332+68
650 _aPHARMACEUTICS
653 _aSUTICS, PHARMACEUTICS
942 _2ddc
_cBK
999 _c26355
_d26355